000 00310nam a22001337a 4500
008 171108b xxu||||| |||| 00| 0 eng d
020 _a9780324019148
041 _aeng
080 _22ND
_a330.322
100 _a64
101 _aINV
245 _aPRACTICAL INVESTMENT MANAGEMENT
_cSTRONG,R.A
942 _2udc
_cBK
999 _c38227
_d38227